[Event "Titled Tuesday intern op 21st May Early"]
[Site "Chess.com INT"]
[Date "2024.05.21"]
[Round "6"]
[White "Sakhayi, Mostafa"]
[Black "Kharmunova, Nadezhda"]
[Result "1-0"]
[WhiteElo "2181"]
[BlackElo "2022"]
[PlyCount "29"]
[EventDate "2024.05.21"]
[EventType "swiss (blitz)"]
[EventRounds "11"]
[EventCountry "USA"]
[SourceTitle "CB22_2024"]
[SourceDate "2024.05.29"]
[SourceVersion "1"]
[SourceVersionDate "2024.05.29"]
[SourceQuality "1"]

1. d4 d5 2. c4 dxc4 3. e3 Nf6 4. Bxc4 e6 5. Nf3 a6 6. 0-0 b5 7. Bd3 Bb7 8. a4 b4 9. Nbd2 c5 10. e4 cxd4 11. e5 Ng4 12. h3 Nh6 13. Nc4 Nc6 14. Bg5 Be7 15. Nd6+ 1-0

[Event "Titled Tuesday intern op 21st May Early"]
[Site "Chess.com INT"]
[Date "2024.05.21"]
[Round "5"]
[White "Smirnova, Polina A"]
[Black "Kharmunova, Nadezhda"]
[Result "1/2-1/2"]
[WhiteElo "1932"]
[BlackElo "2022"]
[PlyCount "71"]
[EventDate "2024.05.21"]
[EventType "swiss (blitz)"]
[EventRounds "11"]
[EventCountry "USA"]
[SourceTitle "CB22_2024"]
[SourceDate "2024.05.29"]
[SourceVersion "1"]
[SourceVersionDate "2024.05.29"]
[SourceQuality "1"]

1. d4 d5 2. c4 dxc4 3. e3 Nf6 4. Bxc4 e6 5. Nf3 a6 6. 0-0 b5 7. Bd3 Bb7 8. a4 b4 9. Nbd2 c5 10. e4 cxd4 11. e5 Nd5 12. Nb3 Nc6 13. Nbxd4 Nxd4 14. Nxd4 Bc5 15. Nf3 0-0 16. Qe2 Rc8 17. Bg5 Qb6 18. Rad1 h6 19. Bh4 Nf4 20. Qd2 g5 21. Bg3 Nxd3 22. Qxd3 Rfd8 23. Qe2 Qc6 24. Rxd8+ Rxd8 25. Rd1 Rxd1+ 26. Qxd1 g4 27. Ne1 Qe4 28. Qd8+ Kg7 29. Qf6+ Kg8 30. Qd8+ Kg7 31. Qf6+ Kh7 32. Qxf7+ Kh8 33. Qf6+ Kh7 34. Qf7+ Kh8 35. Qf6+ Kh7 36. Qf7+ 1/2-1/2

[Event "Titled Tuesday intern op 30th Apr Early"]
[Site "Chess.com INT"]
[Date "2024.04.30"]
[Round "7"]
[White "Kharmunova, Nadezhda"]
[Black "Engin, Onur Cinar"]
[Result "1-0"]
[WhiteElo "1971"]
[BlackElo "2101"]
[PlyCount "143"]
[EventDate "2024.04.30"]
[EventType "swiss (blitz)"]
[EventRounds "11"]
[EventCountry "USA"]
[SourceTitle "CB19_2024"]
[SourceDate "2024.05.08"]
[SourceVersion "1"]
[SourceVersionDate "2024.05.08"]
[SourceQuality "1"]

1. e4 c5 2. Nf3 Nc6 3. d4 cxd4 4. Nxd4 g6 5. Nc3 Bg7 6. Be3 Nf6 7. Bb5 0-0 8. 0-0 d5 9. Nxc6 bxc6 10. Bxc6 Rb8 11. exd5 Rxb2 12. Bxa7 Bf5 13. Rc1 Ng4 14. Bd4 Qd6 15. g3 Qb4 16. Bxg7 Kxg7 17. Nb5 Rxa2 18. Qd4+ Qxd4 19. Nxd4 Bc8 20. Ra1 Rxa1 21. Rxa1 Ne5 22. Re1 Kf6 23. f4 Nc4 24. Bb5 Nd6 25. c4 Bg4 26. c5 Nxb5 27. Nxb5 Rd8 28. Re5 Bf3 29. Nc3 e6 30. d6 Bc6 31. Kf2 Ra8 32. Ne4+ Kg7 33. Ke3 Ra3+ 34. Kd4 Ra4+ 35. Ke3 Ra3+ 36. Kd4 Ra4+ 37. Kd3 Ra3+ 38. Nc3 Kf6 39. Re2 Bb5+ 40. Kd2 Bxe2 41. Nxe2 e5 42. d7 Ra8 43. fxe5+ Kxe5 44. c6 Kd6 45. Nd4 Kc7 46. Kd3 Ra2 47. Kc4 Rxh2 48. Nb5+ Kd8 49. Kc5 Rc2+ 50. Kd6 Rd2+ 51. Kc5 h5 52. Kb6 Rc2 53. Kb7 g5 54. Nd6 Rb2+ 55. Ka6 h4 56. Nxf7+ Kc7 57. d8Q+ Kxc6 58. Qc8+ Kd5 59. Qf5+ Kc4 60. Qc8+ Kd5 61. gxh4 Ra2+ 62. Kb6 Rb2+ 63. Ka5 Ra2+ 64. Kb4 gxh4 65. Qf5+ Kc6 66. Qc5+ Kd7 67. Ne5+ Ke6 68. Qc4+ Kxe5 69. Qxa2 Kf4 70. Qh2+ Kg4 71. Kc3 h3 72. Kd3 1-0

[Event "Titled Tuesday intern op 30th Apr Early"]
[Site "Chess.com INT"]
[Date "2024.04.30"]
[Round "6"]
[White "Kharmunova, Nadezhda"]
[Black "Farhat Willemstein, Stela Souza"]
[Result "1-0"]
[WhiteElo "1971"]
[BlackElo "1855"]
[PlyCount "125"]
[EventDate "2024.04.30"]
[EventType "swiss (blitz)"]
[EventRounds "11"]
[EventCountry "USA"]
[SourceTitle "CB19_2024"]
[SourceDate "2024.05.08"]
[SourceVersion "1"]
[SourceVersionDate "2024.05.08"]
[SourceQuality "1"]

1. e4 c5 2. Nf3 d6 3. d4 cxd4 4. Nxd4 Nf6 5. Nc3 g6 6. Bg5 Bg7 7. Bb5+ Bd7 8. Bxd7+ Qxd7 9. 0-0 0-0 10. Qd2 Nc6 11. Nf3 a6 12. Rad1 Rfd8 13. Bxf6 Bxf6 14. Nd5 Bg7 15. Nb6 Qe6 16. Nxa8 Rxa8 17. c3 Qxa2 18. Rfe1 Ne5 19. Nxe5 Bxe5 20. f4 Bg7 21. e5 dxe5 22. fxe5 Qc4 23. Qd5 Qxd5 24. Rxd5 a5 25. Rd7 Bf8 26. Rxb7 e6 27. Rd1 Bc5+ 28. Kf1 a4 29. Rdd7 Rf8 30. Ke2 a3 31. bxa3 Bxa3 32. c4 Bc5 33. Kd3 Bf2 34. Rb2 Bg1 35. h3 Bh2 36. Ke4 Bg3 37. Rbd2 h5 38. Rd8 h4 39. Rxf8+ Kxf8 40. c5 Ke7 41. c6 f5+ 42. exf6+ Kxf6 43. Rd7 g5 44. c7 Bxc7 45. Rxc7 Kg6 46. Rc6 Kf6 47. Ra6 Ke7 48. Ke5 Kf7 49. Rxe6 Kg7 50. Kf5 g4 51. Kxg4 Kf7 52. Kxh4 Kxe6 53. Kh5 Kf5 54. g4+ Kf4 55. g5 Kg3 56. g6 Kxh3 57. g7 Kg3 58. g8Q+ Kh2 59. Qg4 Kh1 60. Kg5 Kh2 61. Kf4 Kh1 62. Kf3 Kh2 63. Qg2# 1-0

[Event "Titled Tuesday intern op 30th Apr Early"]
[Site "Chess.com INT"]
[Date "2024.04.30"]
[Round "8"]
[White "Mizzi, Jack"]
[Black "Kharmunova, Nadezhda"]
[Result "1/2-1/2"]
[WhiteElo "2051"]
[BlackElo "1971"]
[PlyCount "62"]
[EventDate "2024.04.30"]
[EventType "swiss (blitz)"]
[EventRounds "11"]
[EventCountry "USA"]
[SourceTitle "CB19_2024"]
[SourceDate "2024.05.08"]
[SourceVersion "1"]
[SourceVersionDate "2024.05.08"]
[SourceQuality "1"]

1. d4 d5 2. c4 dxc4 3. e3 Nf6 4. Bxc4 e6 5. Nf3 a6 6. 0-0 b5 7. Bb3 Bb7 8. Nbd2 c5 9. dxc5 Bxc5 10. Ne5 0-0 11. Ndf3 Nc6 12. Nxc6 Bxc6 13. Ne5 Bb7 14. Qe2 Qe7 15. Bd2 Rfd8 16. Rfd1 Bb6 17. Be1 Rxd1 18. Rxd1 Rd8 19. Rxd8+ Qxd8 20. Qd2 Ne4 21. Qxd8+ Bxd8 22. f3 Nc5 23. Bc2 Bf6 24. Bc3 Kf8 25. Kf2 Ke7 26. a3 Na4 27. Bb4+ Ke8 28. Bxa4 bxa4 29. f4 Bxe5 30. fxe5 Kd7 31. g4 Kc6 1/2-1/2

[Event "Titled Tuesday intern op 30th Apr Early"]
[Site "Chess.com INT"]
[Date "2024.04.30"]
[Round "5"]
[White "Schutte, Wian"]
[Black "Kharmunova, Nadezhda"]
[Result "0-1"]
[WhiteElo "1745"]
[BlackElo "1971"]
[PlyCount "92"]
[EventDate "2024.04.30"]
[EventType "swiss (blitz)"]
[EventRounds "11"]
[EventCountry "USA"]
[SourceTitle "CB19_2024"]
[SourceDate "2024.05.08"]
[SourceVersion "1"]
[SourceVersionDate "2024.05.08"]
[SourceQuality "1"]

1. e4 c6 2. Nf3 d5 3. exd5 cxd5 4. d4 Nc6 5. Bb5 Bg4 6. h3 Bxf3 7. Qxf3 Nf6 8. Nc3 e6 9. Bg5 Be7 10. 0-0 0-0 11. Bxc6 bxc6 12. b3 Rc8 13. Rad1 c5 14. Ne2 h6 15. Bxf6 Bxf6 16. c3 cxd4 17. Nxd4 Qb6 18. Rfe1 Rc7 19. Re3 Rfc8 20. Red3 Qa5 21. Ne2 Qxa2 22. b4 Qb3 23. Nd4 Bxd4 24. cxd4 Qxb4 25. Qf4 Rc3 26. R3d2 a5 27. Qg4 a4 28. Qe2 Qc4 29. Qxc4 R8xc4 30. Kf1 a3 31. Ke2 Kf8 32. Ra1 Ke7 33. Raa2 Rb3 34. Rdc2 Rxc2+ 35. Rxc2 Rb2 36. Kd2 Rxc2+ 37. Kxc2 Kd6 38. Kb3 e5 39. dxe5+ Kxe5 40. Kxa3 Ke4 41. Kb2 Kd3 42. Kc1 Ke2 43. Kc2 Kxf2 44. Kd3 Kxg2 45. Kd4 Kxh3 46. Kxd5 g5 0-1

[Event "Titled Tuesday intern op 30th Apr Early"]
[Site "Chess.com INT"]
[Date "2024.04.30"]
[Round "9"]
[White "Stojanovski, Sandi"]
[Black "Kharmunova, Nadezhda"]
[Result "1-0"]
[WhiteElo "2169"]
[BlackElo "1971"]
[PlyCount "103"]
[EventDate "2024.04.30"]
[EventType "swiss (blitz)"]
[EventRounds "11"]
[EventCountry "USA"]
[SourceTitle "CB19_2024"]
[SourceDate "2024.05.08"]
[SourceVersion "1"]
[SourceVersionDate "2024.05.08"]
[SourceQuality "1"]

1. d3 d5 2. Nf3 Nf6 3. g3 c5 4. Bg2 Nc6 5. 0-0 Bf5 6. c4 e6 7. Qa4 Be7 8. Ne5 Rc8 9. cxd5 exd5 10. e4 Be6 11. Nxc6 Rxc6 12. Nc3 0-0 13. Bg5 Ra6 14. Qc2 h6 15. Bxf6 Bxf6 16. exd5 Bf5 17. Ne4 Bd4 18. Rac1 Rxa2 19. Nxc5 Rxb2 20. Qc4 Bxc5 21. Qxc5 Bxd3 22. Rfd1 Be2 23. Re1 Re8 24. Qxa7 Qb6 25. Qxb6 Rxb6 26. Rc2 Bb5 27. Rxe8+ Bxe8 28. Rc8 Kf8 29. Bh3 Rd6 30. Bg2 b5 31. Rb8 Ke7 32. f4 Ra6 33. Kf2 Ra2+ 34. Kf3 Bd7 35. Bf1 Kd6 36. Ke4 Ra4+ 37. Ke3 Ra3+ 38. Kd4 Ra4+ 39. Kc3 Ra1 40. Bd3 Rc1+ 41. Kd2 Ra1 42. Be4 Ra2+ 43. Kc3 Rxh2 44. Kd4 Rd2+ 45. Ke3 Ra2 46. Kd4 Ra4+ 47. Ke3 Ra3+ 48. Kd4 Ra4+ 49. Ke3 b4 50. Bd3 Ra3 51. Rb6+ Kc7 52. Rb5 1-0

[Event "Moscow-ch (Women)"]
[Site "Moscow"]
[Date "2024.03.29"]
[Round "6"]
[White "Miroshnik, Ekaterina"]
[Black "Kharmunova, Nadezhda"]
[Result "1/2-1/2"]
[WhiteElo "2125"]
[BlackElo "1971"]
[PlyCount "118"]
[EventDate "2024.03.22"]
[EventType "swiss"]
[EventRounds "7"]
[EventCountry "RUS"]
[SourceTitle "CB15_2024"]
[SourceDate "2024.04.10"]
[SourceVersion "1"]
[SourceVersionDate "2024.04.10"]
[SourceQuality "1"]

1. d4 Nf6 2. c4 e6 3. Nc3 Bb4 4. e3 0-0 5. Bd3 d5 6. a3 Bxc3+ 7. bxc3 dxc4 8. Bxc4 c5 9. Ne2 Qc7 10. Bd3 e5 11. 0-0 Nc6 12. Ng3 Be6 13. f4 Bg4 14. Qc2 exd4 15. cxd4 cxd4 16. e4 h6 17. h3 Be6 18. Bb2 Rac8 19. Qf2 Rfd8 20. Rae1 Nd7 21. Nh5 Nc5 22. Qg3 f6 23. Nxf6+ Kh8 24. Ng4 Nxd3 25. Qxd3 b5 26. Qf3 Bc4 27. Rf2 Qe7 28. Rd2 Qc5 29. Kh1 Rc7 30. Qg3 Re7 31. f5 Rf7 32. Red1 a5 33. Qh4 Rdd7 34. f6 Qg5 35. fxg7+ Kxg7 36. Qxg5+ hxg5 37. Bxd4+ Rxd4 38. Rxd4 Nxd4 39. Rxd4 Rf1+ 40. Kh2 Ra1 41. Ne3 Bb3 42. Rd7+ Kf6 43. Rb7 Rxa3 44. Rxb5 a4 45. Ng4+ Kg6 46. Rb6+ Kg7 47. e5 Bd1 48. Nf2 Bc2 49. Rb7+ Kg6 50. e6 Re3 51. Rc7 Bb3 52. Ra7 Rxe6 53. Nd3 Re2 54. Ra5 Rd2 55. Ne5+ Kg7 56. Nf3 Rd5 57. Ra7+ Kf6 58. Kg3 Rd3 59. Ra6+ Kf5 1/2-1/2

[Event "Moscow-ch (Women)"]
[Site "Moscow"]
[Date "2024.03.22"]
[Round "1"]
[White "Charochkina, Daria"]
[Black "Kharmunova, Nadezhda"]
[Result "1-0"]
[WhiteElo "2298"]
[BlackElo "1971"]
[PlyCount "55"]
[EventDate "2024.03.22"]
[EventType "swiss"]
[EventRounds "7"]
[EventCountry "RUS"]
[SourceTitle "CB15_2024"]
[SourceDate "2024.04.10"]
[SourceVersion "1"]
[SourceVersionDate "2024.04.10"]
[SourceQuality "1"]

1. d4 Nf6 2. c4 e6 3. Nc3 Bb4 4. e3 0-0 5. Bd2 d5 6. Nf3 b6 7. Rc1 dxc4 8. Bxc4 Ba6 9. Bxa6 Nxa6 10. Qa4 Qc8 11. 0-0 Be7 12. e4 c5 13. d5 exd5 14. e5 Nd7 15. Nxd5 Bd8 16. Bc3 Nc7 17. Nxc7 Bxc7 18. Rcd1 b5 19. Qxb5 Rd8 20. Qc4 Re8 21. Ng5 Re7 22. f4 Nf8 23. f5 Rd7 24. e6 fxe6 25. fxe6 Re7 26. Rd7 Ng6 27. Rxe7 Nxe7 28. Rf7 1-0

[Event "Titled Tuesday intern op 30th Aug Early"]
[Site "Chess.com INT"]
[Date "2022.08.30"]
[Round "11"]
[White "Kharmunova, Nadezhda"]
[Black "Malyi, Viacheslav"]
[Result "1-0"]
[WhiteElo "1912"]
[BlackElo "2391"]
[PlyCount "57"]
[EventDate "2022.08.30"]
[EventType "swiss (blitz)"]
[EventRounds "11"]
[EventCountry "USA"]
[SourceTitle "EXT 2023"]
[Source "ChessBase"]
[SourceDate "2022.10.05"]
[SourceVersion "1"]
[SourceVersionDate "2022.10.05"]
[SourceQuality "1"]

1. e4 e5 2. Nf3 Nc6 3. Bc4 Bc5 4. d3 Nf6 5. c3 d6 6. a4 a6 7. 0-0 Ba7 8. h3 0-0 9. Be3 Qe7 10. Nbd2 Nh5 11. b4 h6 12. d4 Qf6 13. b5 Ne7 14. Nh2 Nf4 15. Ng4 Bxg4 16. Qxg4 Neg6 17. bxa6 bxa6 18. dxe5 dxe5 19. g3 h5 20. Qf5 Ne6 21. Qxh5 a5 22. Bxa7 Rxa7 23. Nf3 Rd8 24. Bxe6 fxe6 25. Ng5 c6 26. Rad1 Rad7 27. Rxd7 Rxd7 28. Rb1 Kf8 29. Nh7+ 1-0

[Event "Titled Tuesday intern op 09th Aug Early"]
[Site "Chess.com INT"]
[Date "2022.08.09"]
[Round "5"]
[White "Kharmunova, Nadezhda"]
[Black "Ljukin, Sergei"]
[Result "1-0"]
[WhiteElo "1912"]
[BlackElo "2362"]
[PlyCount "79"]
[EventDate "2022.08.09"]
[EventType "swiss (blitz)"]
[EventRounds "11"]
[EventCountry "USA"]
[SourceTitle "EXT 2023"]
[Source "ChessBase"]
[SourceDate "2022.10.05"]
[SourceVersion "1"]
[SourceVersionDate "2022.10.05"]
[SourceQuality "1"]

1. e4 e6 2. d4 d5 3. Nc3 Bb4 4. e5 Ne7 5. Qg4 c5 6. a3 Bxc3+ 7. bxc3 Qc7 8. Bd3 Qa5 9. Ne2 c4 10. Qxg7 Rg8 11. Qxh7 cxd3 12. cxd3 Nbc6 13. 0-0 Bd7 14. Rb1 0-0-0 15. Qxf7 Qa4 16. h4 Rdf8 17. Qh7 Rh8 18. Qg7 Qc2 19. Rb2 Qxd3 20. Bg5 Nf5 21. Qg6 Rfg8 22. Qf6 Rf8 23. Qg6 b6 24. Nf4 Qe4 25. Nxe6 Rfg8 26. Qf7 Nxh4 27. f3 Qg6 28. Qxg6 Nxg6 29. Nf4 Nxf4 30. Bxf4 Na5 31. g4 Nc4 32. Ra2 Be6 33. Kg2 Rf8 34. Kg3 Rf7 35. Bc1 Rg8 36. Rh2 Bxg4 37. Kf2 Rxf3+ 38. Ke1 Rgf8 39. Rxf3 Rxf3 40. Rg2 1-0

[Event "Titled Tuesday intern op 09th Aug Early"]
[Site "Chess.com INT"]
[Date "2022.08.09"]
[Round "1"]
[White "Kharmunova, Nadezhda"]
[Black "Tica, Sven"]
[Result "0-1"]
[WhiteElo "1912"]
[BlackElo "2436"]
[PlyCount "68"]
[EventDate "2022.08.09"]
[EventType "swiss (blitz)"]
[EventRounds "11"]
[EventCountry "USA"]
[SourceTitle "EXT 2023"]
[Source "ChessBase"]
[SourceDate "2022.10.05"]
[SourceVersion "1"]
[SourceVersionDate "2022.10.05"]
[SourceQuality "1"]

1. e4 g6 2. d4 Bg7 3. Nc3 a6 4. Be3 b5 5. Bd3 Bb7 6. Nge2 d6 7. Qd2 Nd7 8. h4 c5 9. dxc5 dxc5 10. Ng3 h5 11. 0-0 Ngf6 12. Rad1 Ng4 13. Bg5 Nde5 14. Nd5 f6 15. Bf4 0-0 16. f3 Nxd3 17. cxd3 Ne5 18. d4 Nc4 19. Qc1 cxd4 20. Rxd4 e5 21. Rxc4 bxc4 22. Bh6 Bxd5 23. exd5 Qxd5 24. Bxg7 Kxg7 25. Rd1 Qc5+ 26. Kh2 Rad8 27. Re1 Rd4 28. Ne4 Qd5 29. Qc3 Rd8 30. Qb4 Rd7 31. Qb8 Qf7 32. Nc5 Rc7 33. Nxa6 Rb7 34. Nc5 Rxb8 0-1

[Event "Titled Tuesday intern op 09th Aug Early"]
[Site "Chess.com INT"]
[Date "2022.08.09"]
[Round "2"]
[White "Sellitti, Federico"]
[Black "Kharmunova, Nadezhda"]
[Result "1-0"]
[WhiteElo "2176"]
[BlackElo "1912"]
[PlyCount "55"]
[EventDate "2022.08.09"]
[EventType "swiss (blitz)"]
[EventRounds "11"]
[EventCountry "USA"]
[SourceTitle "EXT 2023"]
[Source "ChessBase"]
[SourceDate "2022.10.05"]
[SourceVersion "1"]
[SourceVersionDate "2022.10.05"]
[SourceQuality "1"]

1. e4 c5 2. Nc3 Nc6 3. g3 g6 4. Bg2 Bg7 5. d3 d6 6. Be3 Nf6 7. h3 0-0 8. Qd2 Re8 9. Bh6 Bh8 10. f4 Rb8 11. Nf3 b5 12. f5 b4 13. Nd1 e6 14. fxg6 fxg6 15. 0-0 d5 16. Ng5 dxe4 17. Nxe4 Nxe4 18. Bxe4 Qd6 19. Kh2 Nd4 20. Qf2 Nf5 21. Bf4 e5 22. Bg5 Be6 23. Ne3 h6 24. Bxf5 gxf5 25. Bxh6 Bd7 26. Nxf5 Bxf5 27. Qxf5 Qxh6 28. Qf7# 1-0

[Event "Titled Tuesday intern op 12th Apr Early"]
[Site "Chess.com INT"]
[Date "2022.04.12"]
[Round "1"]
[White "Kharmunova, Nadezhda"]
[Black "Kalavannan, Koby"]
[Result "0-1"]
[WhiteElo "2025"]
[BlackElo "2324"]
[PlyCount "70"]
[EventDate "2022.04.12"]
[EventType "swiss (blitz)"]
[EventRounds "11"]
[EventCountry "USA"]
[SourceTitle "CBM 207 Extra"]
[Source "ChessBase"]
[SourceDate "2022.05.31"]
[SourceVersion "1"]
[SourceVersionDate "2022.05.31"]
[SourceQuality "1"]

1. e4 c5 2. Nf3 Nc6 3. Bb5 Nf6 4. Bxc6 dxc6 5. d3 Bg4 6. h3 Bh5 7. 0-0 c4 8. e5 Nd7 9. g4 Bg6 10. e6 Nb6 11. Ne5 Qd5 12. Nxf7 Bxf7 13. exf7+ Qxf7 14. dxc4 Rd8 15. Qe2 Qxc4 16. Qf3 Qd5 17. Qe2 Qc4 18. Qf3 Qf7 19. Qe2 g6 20. Nc3 Bg7 21. Bg5 Nc8 22. Rad1 0-0 23. Rxd8 Rxd8 24. Re1 Rf8 25. Qe3 Nd6 26. Bxe7 Re8 27. Qg5 Nc8 28. Ne4 Rxe7 29. Re3 h6 30. Qc5 Qe8 31. Qc4+ Kh7 32. Kg2 b5 33. Qb4 a5 34. Qe1 Bd4 35. Re2 Nd6 0-1

[Event "Titled Tuesday intern op 12th Apr Early"]
[Site "Chess.com INT"]
[Date "2022.04.12"]
[Round "5"]
[White "Noboa Silva, Kevin Omar"]
[Black "Kharmunova, Nadezhda"]
[Result "1-0"]
[WhiteElo "2323"]
[BlackElo "2025"]
[PlyCount "65"]
[EventDate "2022.04.12"]
[EventType "swiss (blitz)"]
[EventRounds "11"]
[EventCountry "USA"]
[SourceTitle "CBM 207 Extra"]
[Source "ChessBase"]
[SourceDate "2022.05.31"]
[SourceVersion "1"]
[SourceVersionDate "2022.05.31"]
[SourceQuality "1"]

1. e4 c5 2. c3 Nf6 3. e5 Nd5 4. d4 cxd4 5. cxd4 e6 6. Nf3 d6 7. Bc4 Be7 8. 0-0 Bd7 9. Qe2 Bc6 10. Bxd5 Bxd5 11. Nc3 Bc6 12. d5 exd5 13. exd6 Qxd6 14. Re1 Bd7 15. Bf4 Qe6 16. Nxd5 Na6 17. Qd2 Rd8 18. Nxe7 Kxe7 19. Rxe6+ Bxe6 20. Qa5 Rd5 21. Qa3+ Kd7 22. h3 Rc8 23. Re1 Nc5 24. Qxa7 Nd3 25. Qxb7+ Kd8 26. Bg5+ Rxg5 27. Rxe6 Rc1+ 28. Kh2 Rxg2+ 29. Kxg2 Nf4+ 30. Kh2 fxe6 31. Ne5 Rd1 32. Nc6+ Ke8 33. Qe7# 1-0

[Event "Titled Tuesday intern op 12th Apr Early"]
[Site "Chess.com INT"]
[Date "2022.04.12"]
[Round "11"]
[White "Padmini, Rout"]
[Black "Kharmunova, Nadezhda"]
[Result "1-0"]
[WhiteElo "2348"]
[BlackElo "2025"]
[PlyCount "71"]
[EventDate "2022.04.12"]
[EventType "swiss (blitz)"]
[EventRounds "11"]
[EventCountry "USA"]
[SourceTitle "CBM 207 Extra"]
[Source "ChessBase"]
[SourceDate "2022.05.31"]
[SourceVersion "1"]
[SourceVersionDate "2022.05.31"]
[SourceQuality "1"]

1. Nf3 c5 2. g3 d5 3. Bg2 Nc6 4. 0-0 Nf6 5. c4 g6 6. d4 dxc4 7. dxc5 Bg7 8. Na3 0-0 9. Nxc4 Be6 10. Qa4 Ne4 11. Be3 Qc8 12. Rac1 Bh3 13. Qc2 Bxg2 14. Kxg2 f5 15. Rfd1 Nf6 16. Nce5 Ng4 17. Qc4+ e6 18. Nxg4 fxg4 19. Qxg4 Rf5 20. Nd4 Nxd4 21. Bxd4 Qc6+ 22. f3 e5 23. Bf2 Raf8 24. Qc4+ Kh8 25. Rd6 Qc8 26. Rcd1 e4 27. Qxe4 Bxb2 28. Bd4+ Bxd4 29. Qxd4+ Kg8 30. Rd7 R5f6 31. Qh4 h5 32. Qc4+ Kh8 33. Qd4 Qc6 34. Rd6 Qb5 35. Rxf6 Qxe2+ 36. Kh3 1-0

[Event "Titled Tuesday intern op 05th Apr Early"]
[Site "Chess.com INT"]
[Date "2022.04.05"]
[Round "4"]
[White "Kharmunova, Nadezhda"]
[Black "Dilmukhametov, Artur"]
[Result "1-0"]
[WhiteElo "2025"]
[BlackElo "2293"]
[PlyCount "121"]
[EventDate "2022.04.05"]
[EventType "swiss (blitz)"]
[EventRounds "11"]
[EventCountry "USA"]
[SourceTitle "CBM 207 Extra"]
[Source "ChessBase"]
[SourceDate "2022.05.31"]
[SourceVersion "1"]
[SourceVersionDate "2022.05.31"]
[SourceQuality "1"]

1. e4 e6 2. d4 d5 3. Nc3 c5 4. exd5 exd5 5. dxc5 Bxc5 6. Qxd5 Qe7+ 7. Be2 Nf6 8. Qd3 Nc6 9. Nf3 0-0 10. Bg5 Rd8 11. Bxf6 Qxf6 12. Qb5 a6 13. Qxc5 Bg4 14. 0-0 Rac8 15. Qg5 Qxg5 16. Nxg5 Bxe2 17. Nxe2 Rd2 18. Nc3 Rxc2 19. Rab1 h6 20. Nf3 Rd8 21. h3 Nd4 22. Nxd4 Rxd4 23. Rfc1 Rdd2 24. Rxc2 Rxc2 25. Kf1 b5 26. Ke1 a5 27. Ne2 b4 28. Kd1 Rc4 29. Rc1 Re4 30. Rc8+ Kh7 31. Rc5 a4 32. Ra5 b3 33. axb3 axb3 34. Rb5 g5 35. Rxb3 f5 36. Rb6 h5 37. b4 g4 38. hxg4 fxg4 39. b5 Rb4 40. Kd2 h4 41. Nc3 h3 42. gxh3 gxh3 43. Re6 h2 44. Re1 Rh4 45. Rh1 Kg6 46. b6 Rb4 47. Rxh2 Rb2+ 48. Ke3 Kf5 49. Nd5 Ke5 50. Rh5+ Ke6 51. Nf4+ Kf7 52. Rh6 Kg7 53. Rc6 Rb3+ 54. Ke4 Rb4+ 55. Ke5 Rb5+ 56. Nd5 Kf7 57. Rc7+ Ke8 58. b7 Kd8 59. Rc8+ Kd7 60. b8Q Rxb8 61. Rxb8 1-0

[Event "Titled Tuesday intern op 05th Apr Early"]
[Site "Chess.com INT"]
[Date "2022.04.05"]
[Round "8"]
[White "Tomb, Maroun"]
[Black "Kharmunova, Nadezhda"]
[Result "1-0"]
[WhiteElo "2090"]
[BlackElo "2025"]
[PlyCount "65"]
[EventDate "2022.04.05"]
[EventType "swiss (blitz)"]
[EventRounds "11"]
[EventCountry "USA"]
[SourceTitle "CBM 207 Extra"]
[Source "ChessBase"]
[SourceDate "2022.05.31"]
[SourceVersion "1"]
[SourceVersionDate "2022.05.31"]
[SourceQuality "1"]

1. e4 c5 2. Ne2 Nc6 3. Nbc3 g6 4. d4 cxd4 5. Nxd4 Bg7 6. Nde2 Nf6 7. g3 0-0 8. Bg2 d6 9. 0-0 a6 10. a4 Rb8 11. Nd5 Be6 12. h3 Qd7 13. Be3 Bxd5 14. exd5 Nb4 15. c4 b5 16. cxb5 axb5 17. a5 Rfc8 18. a6 Nc2 19. Ra5 Nxe3 20. fxe3 Qa7 21. Qd4 Rc5 22. b4 Nxd5 23. Qd2 Rc2 24. Qxc2 Nxe3 25. Qd3 Nxf1+ 26. Kxf1 Rc8 27. Bb7 Rc4 28. Rxb5 d5 29. Rxd5 Rxb4 30. Rd8+ Bf8 31. Qc3 Rb1+ 32. Kg2 Qb6 33. Rxf8+ 1-0

[Event "Titled Tuesday intern op 29th Mar Early"]
[Site "Chess.com INT"]
[Date "2022.03.29"]
[Round "7"]
[White "Jeet, Jain"]
[Black "Kharmunova, Nadezhda"]
[Result "1-0"]
[WhiteElo "2279"]
[BlackElo "2012"]
[PlyCount "75"]
[EventDate "2022.03.29"]
[EventType "swiss (blitz)"]
[EventRounds "11"]
[EventCountry "USA"]
[SourceTitle "CBM 207 Extra"]
[Source "ChessBase"]
[SourceDate "2022.05.31"]
[SourceVersion "1"]
[SourceVersionDate "2022.05.31"]
[SourceQuality "1"]

1. d4 Nf6 2. Nf3 e6 3. Bf4 b6 4. e3 Bb7 5. Nbd2 c5 6. c3 d5 7. Bd3 Bd6 8. Ne5 0-0 9. Qf3 Nbd7 10. Qh3 cxd4 11. exd4 Ne4 12. f3 Nef6 13. Nxd7 Qxd7 14. Be5 Rfe8 15. Bxf6 gxf6 16. Qxh7+ Kf8 17. Nf1 Ke7 18. Qh4 Rh8 19. Qf2 Qa4 20. Qc2 Qa5 21. h4 Rag8 22. g4 e5 23. dxe5 fxe5 24. Ng3 Bc8 25. h5 e4 26. Nxe4 dxe4 27. Bxe4 Bg3+ 28. Kf1 f5 29. gxf5 Ba6+ 30. Bd3 Rd8 31. Qe2+ Kf8 32. Bxa6 Qxf5 33. Rg1 Bf4 34. Qe4 Qh3+ 35. Rg2 Qh1+ 36. Kf2 Rd2+ 37. Be2 Qh4+ 38. Kg1 1-0

[Event "Titled Tuesday intern op 08th Feb Early"]
[Site "Chess.com INT"]
[Date "2022.02.08"]
[Round "9"]
[White "Manukian, Artak"]
[Black "Kharmunova, Nadezhda"]
[Result "1-0"]
[WhiteElo "2196"]
[BlackElo "2011"]
[PlyCount "79"]
[EventDate "2022.02.08"]
[EventType "swiss (blitz)"]
[EventRounds "11"]
[EventCountry "USA"]
[SourceTitle "CBM 206 Extra"]
[Source "ChessBase"]
[SourceDate "2022.03.31"]
[SourceVersion "1"]
[SourceVersionDate "2022.03.31"]
[SourceQuality "1"]

1. e4 c5 2. Nf3 Nc6 3. c4 g6 4. d4 cxd4 5. Nxd4 Bg7 6. Be3 Qb6 7. Nf5 Qxb2 8. Nxg7+ Qxg7 9. Nd2 Qc3 10. Rc1 Qa3 11. Be2 Nf6 12. 0-0 0-0 13. c5 Qxa2 14. Ra1 Qe6 15. Bc4 Qg4 16. f3 Qh4 17. g3 Qh3 18. Re1 d6 19. cxd6 exd6 20. Bf1 Qh5 21. g4 Qh4 22. Bf2 Qg5 23. h4 Qe5 24. Nc4 Qe7 25. Qxd6 Qxd6 26. Nxd6 Ne5 27. Kg2 Rd8 28. Red1 Nxf3 29. Nxc8 Rdxc8 30. Kxf3 h5 31. gxh5 gxh5 32. Rxa7 Rxa7 33. Bxa7 Ng4 34. Bd4 Rc2 35. Bd3 Rh2 36. Kg3 Ra2 37. e5 Ra3 38. Kf4 Kf8 39. Bc5+ Kg7 40. Bxa3 1-0